书目信息 |
| 书名: | Little hero of the reed marsh | |
| 作者: | [ill. by Mao Shui-hsien, Kao Yen, and Chiang Chi-wei]. | |
| 分册号: | ||
| 分册名: | 出版地: | Peking : |
|
| 出版社: | Foreign Languages Pr | |
| 出版时间: | 1978. | |
| 页数: | 142 p. | |
| 开本: | ||
| 丛书名: | ||
| 中图分类号: | ||
| 科图分类号: | ||
| 其他分类号: | H319.4 | |
| 主题词: | ||
| 电子资源: | ||
| 000 | 01022nam 2200241 a 4500 | |
| 001 | E0761184005 | |
| 005 | 20070727082814.78 | |
| 008 | uu | |
| 040 | @aNLC | |
| 041 | 1 | @aeng @hchi |
| 043 | @aa-cc--- | |
| 049 | @aN5LA | |
| 090 | @a2C/I287.5/LHR//////////868822 | |
| 090 | @aH319.4 | |
| 096 | @aI287.5 @v2 | |
| 099 | @dH319.4@ex457 | |
| 245 | 00 | @aLittle hero of the reed marsh :@band other children's stories / @c[ill. by Mao Shui-hsien, Kao Yen, and Chiang Chi-wei]. |
| 250 | @a1st ed. | |
| 260 | @aPeking :@bForeign Languages Pr.,@c1978. | |
| 300 | @a142 p. | |
| 505 | 0 | @aAn, T. A story of two peacocks.--Tien, T. A would-be little red soldier.--Kuo, Y., and Tso, K. The glittering stone.--Liu, P. Young Hai-chiao.--Liu, M., and Liu, C. The bulging satchel.--Yu, T. Little Ox.--Chang, T. Little hero of the reed marsh. |
| 650 | 0 | @aChildren's stories, English @zChina. @b00 @c20020930 @lNLC09 @h2246 @lNLC09 @h2303 @lNLC09 @h1854 @b40 @c20030604 @lNLC09 @h1806 |
| 852 | 9 | @bWWJC @cJ08S @k2C @hI287.5 @iLHR |
| Little hero of the reed marsh : : and other children's stories / / [ill. by Mao Shui-hsien, Kao Yen, and Chiang Chi-wei].-1st ed.-Peking : : Foreign Languages Pr., , 1978. |
| 142 p. |
| An, T. A story of two peacocks.--Tien, T. A would-be little red soldier.--Kuo, Y., and Tso, K. The glittering stone.--Liu, P. Young Hai-chiao.--Liu, M., and Liu, C. The bulging satchel.--Yu, T. Little Ox.--Chang, T. Little hero of the reed marsh. |
| ISBN |
| ● |
| 相关链接 |
|
|
|
|
正题名:Little hero of the reed marsh
索取号:H319.4/x457
 
预约/预借
| 序号 | 登录号 | 条形码 | 馆藏地/架位号 | 状态 | 备注 |
| 1 | 01504 | 000447396 | 第四借阅区/ [索取号:H319.4/x457] | 在馆 | |
| 2 | 01505 | 000447751 | 第四借阅区/ [索取号:H319.4/x457] | 在馆 | |
| 3 | 01506 | 000447671 | 第四借阅区/ [索取号:H319.4/x457] | 在馆 | |
| 4 | 01507 | 000447555 | 第四借阅区/ [索取号:H319.4/x457] | 在馆 | |
| 5 | 01508 | 000447519 | 第四借阅区/ [索取号:H319.4/x457] | 在馆 | |
| 6 | 01509 | 000447715 | 第四借阅区/ [索取号:H319.4/x457] | 在馆 | |
| 7 | 01510 | 000447591 | 第四借阅区/ [索取号:H319.4/x457] | 在馆 | |
| 8 | 01511 | 000447635 | 第四借阅区/ [索取号:H319.4/x457] | 在馆 | |
| 9 | 01512 | 000447430 | 第四借阅区/ [索取号:H319.4/x457] | 在馆 | |
| 10 | 01513 | 000447476 | 第四借阅区/ [索取号:H319.4/x457] | 在馆 | |
| 11 | 13684 | 300136840 | 第二样本阅览室/ [索取号:H319.4/x457] | 在馆 |